Les stades de football avec la plus grande capacité - Statistiques

Statistiques générales
  • Ce quiz a été pris 121 fois
  • Le résultat moyen est 5 sur 20
Statistiques - réponses
Rang Capacité (Pays) Nom du stade % Correct
3 99 354 (Espagne) Camp Nou
95%
15 81 338 (France) Stade de France
73%
6 90 000 (Angleterre) Wembley
69%
16 81 044 (Espagne) Santiago Bernabeu
66%
20 80 018 (Italie) San Siro
48%
14 81 365 (Allemange) Signal Iduna Park
22%
7 87 523 (Mexique) Stade Azteca
19%
1 114 000 (Corée du Nord) Stade du 1er Mai
18%
4 94 736 (Afrique du Sud) FNB Stadium
8%
12 82 500 (Etats-Unis) MetLife Stadium
8%
11 84 000 (Australie) ANZ Stadium
7%
9 86 000 (Egypte) Borg El Arab Stadium
6%
13 82 300 (Irlande) Croke Park
6%
17 81 004 (Russie) Luzhniki Stadium
6%
10 85 000 (Inde) Salt Lake Stadium
6%
18 80 372 (Malaisie) Shah Alam Stadium
6%
2 100 024 (Australie) Melbourne Cricket Ground
5%
19 80 093 (Pérou) Estadio Monumental "U"
1%
8 87 411 (Malaisie) National Stadium Bukit Jalil
1%
5 90,888 (Etats-Unis) Rose Bawl
1%
Aucun quiz correspondant
Distribution des résultats
% des personnes avec chaque résultat
Percentile par nombre de réponses
Votre historique - résultats
Vous n’avez pas pris ce quiz